Die veterinärpolizeiliche Bekämpfung der Tollwut unter Berücksichtigung ihrer Verbreitung unter dem Wild : (Erörterung der Zweckmäßigkeit der Impfung von Hunden) /

Hlavní autor: Hünermund, Karl
Korporativní autor: Justus Liebig-Universität Giessen
Jazyk: Němčina
Vydáno: Giessen : Karl Hünermund, 1960
Témata:
Fyzický popis: 58 s. : il.
Knihy
Uloženo v:
LEADER 01124nam a22003012a 4500
001 001613083
003 CZ BrMZK
005 20180503134223.0
007 ta
008 180122s1960 gw a frm||||||||||ger d
040 |a BOA001  |b cze  |e aacr2 
072 7 |a 639.1  |x Myslivost  |2 Konspekt  |9 24 
080 |a 639.11/.16  |2 MRF 
080 |a 616.831/.832-022.6  |2 MRF 
080 |a (043.3)  |2 MRF 
100 1 |a Hünermund, Karl  |4 dis 
245 1 4 |a Die veterinärpolizeiliche Bekämpfung der Tollwut unter Berücksichtigung ihrer Verbreitung unter dem Wild :  |b (Erörterung der Zweckmäßigkeit der Impfung von Hunden) /  |c Karl Hünermund 
260 |a Giessen :  |b Karl Hünermund,  |c 1960 
300 |a 58 s. :  |b il. 
502 |a Disertace--Justus Liebig-Universität Giessen, 1960 
650 0 7 |a lovná zvěř  |7 ph115184  |2 czenas 
650 0 7 |a vzteklina  |7 ph127316  |2 czenas 
655 7 |a disertace  |7 fd132024  |2 czenas 
710 2 |a Justus Liebig-Universität Giessen  |7 ko2002149270 
910 |a BOA001  |b X-0629.405 
990 |a BK 
991 |b 201801 
996 7 |b 2618919438  |c X-0629.405  |l MZK  |r Sklad / do 24 hodin  |n 0  |w 001648502  |u 000010  |a 1  |e BOA001  |j MZK50  |s A